| 000 | 00516nam a2200193Ia 4500 | ||
|---|---|---|---|
| 001 | 32689 | ||
| 003 | IN-NITTTR | ||
| 005 | 20251114233435.0 | ||
| 008 | 251113s9999||||xx |||||||||||||| ||eng|| | ||
| 040 | _beng | ||
| 040 | _cIN-NITTTR | ||
| 041 | _aeng | ||
| 082 | _aTA681.5 .M433 2016 | ||
| 100 | _aMcMullin, Paul W. | ||
| 245 | 0 |
_aConcrete Design / _cMcMullin, Paul W., Price, Jonathan S., Persellin, Esra Hasanbas |
|
| 700 | _a Persellin, Esra Hasanbas | ||
| 700 | _a Price, Jonathan S. | ||
| 942 |
_2ddc _cBK |
||
| 999 |
_c35499 _d35499 |
||